Dictionary of geography : (Record no. 8383)

MARC details
000 -LEADER
fixed length control field 00570nam a22002057a 4500
001 - CONTROL NUMBER
control field BD-DhSAU 8383
003 - CONTROL NUMBER IDENTIFIER
control field BD-DhSAU
005 - DATE AND TIME OF LATEST TRANSACTION
control field 20150611173002.0
008 - FIXED-LENGTH DATA ELEMENTS--GENERAL INFORMATION
fixed length control field 150611b1984 ii a|||| |||| 00| 0 eng d
040 ## - CATALOGING SOURCE
Original cataloging agency BD-DhSAU
082 ## - DEWEY DECIMAL CLASSIFICATION NUMBER
Edition number 22
Classification number 910.3
Item number DIC
245 ## - TITLE STATEMENT
Title Dictionary of geography :
Remainder of title key to success /
Statement of responsibility, etc. Edited by Jackie Smith
250 ## - EDITION STATEMENT
Edition statement 1st Indian ed.
260 ## - PUBLICATION, DISTRIBUTION, ETC. (IMPRINT)
Place of publication, distribution, etc. New Delhi :
Name of publisher, distributor, etc. Arnold-Heinemann ,
Date of publication, distribution, etc. c1984.
300 ## - PHYSICAL DESCRIPTION
Extent vi, 276 p. :
Other physical details ill. ;
Dimensions 22 cm.
590 ## - Name of Cataloguer
Name of Cataloger Jerin
650 ## - SUBJECT ADDED ENTRY--TOPICAL TERM
Topical term or geographic name as entry element Geography
General subdivision Dictionary
700 ## - ADDED ENTRY--PERSONAL NAME
Personal name Smith, Jackie
942 ## - ADDED ENTRY ELEMENTS (KOHA)
Source of classification or shelving scheme Dewey Decimal Classification
Koha item type Book
Holdings
Withdrawn status Lost status Source of classification or shelving scheme Damaged status Not for loan Collection code Home library Branch Name Shelving location Date acquired Total Checkouts Full call number Barcode Date last seen Price effective from Koha item type
    Dewey Decimal Classification   Not For Loan Reference SAU Library SAU Library Reference 16/05/1985   910.3 DIC 9946 11/06/2015 11/06/2015 Book